Striving For Peace and Harmony (Record no. 22709)

MARC details
000 -LEADER
fixed length control field 00302nam a22001337a 4500
020 ## - INTERNATIONAL STANDARD BOOK NUMBER
ISBN 9789383206292
082 ## - DEWEY DECIMAL CLASSIFICATION NUMBER
Classification number 211.6 PUN
100 ## - MAIN ENTRY--AUTHOR NAME
Author name Puniyani, Ram
245 ## - TITLE STATEMENT
Title Striving For Peace and Harmony
260 ## - PUBLICATION, DISTRIBUTION, ETC. (IMPRINT)
Place of publication Mumbai
Name of publisher Bhashya Prakashan
Year of publication 2014
300 ## - PHYSICAL DESCRIPTION
Number of Pages 236
650 ## - SUBJECT ADDED ENTRY--TOPICAL TERM
Topical Term Secularism
942 ## - ADDED ENTRY ELEMENTS (KOHA)
Koha item type Books
Holdings
Home library Current library Shelving location Date acquired Cost, normal purchase price Full call number Accession Number Koha item type
Henry Martyn Institute Library Henry Martyn Institute Library General stacks 08/06/2019 350.00 211.6 PUN 24853 Books
                   Copyright © 2026 | Henry Martyn Institute | Hyderabad | TS-500052 | INDIA | Implemented by hmi.edu.in
Hit-Count:

Powered by Koha